00365nam a2200121Ia 4500008004100000040001600041041001200057082001900069100002500088245007500113260003900188300001600227230917s9999||||xx |||||||||||||| ||und|| e21289aMAIN aEnglish a301.0973 M448T aMauss, Armand L. ed. 0aThis land of promises: The rise and fall of social problems in America aPhiladelphiabJ B Lippincottc1977 axiv, 452 p.